OGC Nice ou AS Monaco ? Rivalités #10 - Statistiques

Statistiques générales
  • Ce quiz a été pris 246 fois
  • Le résultat moyen est 11 sur 12
Statistiques - réponses
Question Réponse % Correct
Dans lequel les joueurs sont surnommés les Aiglons ? OGC Nice
97%
Quelle équipe a le plus faible taux de remplissage de stade de tout le championnat ? AS Monaco
96%
Lequel a déjà été en finale de Ligue des Champions ? AS Monaco
93%
Lequel est possédé par Ineos ? OGC Nice
93%
Lequel a pour ancien stade le Stade du Ray ? OGC Nice
92%
Lequel a déjà été coache par Arsène Wenger ? AS Monaco
91%
Lequel a du rouge sur son logo ? Les deux
89%
Lequel a gagné le plus de championnats ? AS Monaco
86%
Lequel est le plus vieux ? OGC Nice
85%
Lequel a pour anciens joueurs Lilian Thuram, Thomas Lemar ou encore Claude Puel ? AS Monaco
84%
Lequel est situé dans le département numéro 06 ? OGC Nice
84%
Lequel a gagné le plus de Coupe de France ? AS Monaco
74%
Aucun quiz correspondant
Distribution des résultats
% des personnes avec chaque résultat
Percentile par nombre de réponses
Votre historique - résultats
Vous n’avez pas pris ce quiz